| 000 | 00360 a2200133 4500 | ||
|---|---|---|---|
| 001 | 91534 | ||
| 082 | _aPR 1489 | ||
| 090 |
_c43670 _d43669 |
||
| 100 | _aKhalid Waleed; Prof Wajih H. Hashmi, Advisor | ||
| 245 |
_aMatlab Modeling of DS-CDMA Transmission Scheme _n57 "B" EC |
||
| 260 |
_aRawalpindi _bNUST _c2003 |
||
| 300 | _a43p | ||
| 500 | _aBE Project Reports | ||
| 942 |
_aCAE NUST _kPR 1489 |
||
| 999 |
_c326607 _d326607 |
||